000 00814nam a2200205Ii 4500
003 JO-AjNU
008 230605s9999||||xx |||||||||||||| ||und||
017 _a2008/4/1042
040 _aJO-AjNU
_bara
_erda
_cJO-AjNU
041 _aara
050 1 4 _aHF 5549 .5 .T7.S296 2009
100 3 _aالصيرفي،محمد عبدالفتاح,
_eauthor
_921896
245 0 0 _aالتدريب الاداري:المدربون والمتدربون واساليب التدريب،1
264 3 1 _aعمان: دار مجدلاوي للنشر والتوزيع،2009
300 _aج1، 388ص
_bيحتوي على ببلوغرافية من ص383-388ص
336 _atext
_btxt
_2rdacontent
337 _aunmediated
_bn
_2rdamedia
338 _avolume
_bnc
_2rdacarrier
650 4 _aالتنمية الادارية-التدريب
_921897
999 _aA7684
_c11252
_d11252